00589nam a2200193Ia 4500008004100000100001900041245005400060245001800114260002000132260000900152300001300161440002000174650002400194650002600218650003000244650002800274999001900302952007400321190912s9999 xx 000 0 und d aMabasa, Roy C. aKuwaiti delegation to visit Manila for OFW talks/ cRoy C. Mabasa bManila Bulletin c2017 aMarch 14 aManila Bulletin ahousehold employees aKuwait (Western Asia) aOverseas Filipino Workers aPolitics -- Philippines c362102d362102 001040aLUXbLUXd2019-09-12l0r2019-09-12 00:00:00w2019-09-12ySE